000
00253nam a2200097Ia 4500
001
797408
005
20250826170806.0
008
250824s9999 xx 000 0 und d
245
0
_a
CEMİL MERİÇ KONUŞUYOR
_c
MUSTAFA ARMAĞAN
260
_b
KETEBE YAYINLARI
999
_c
797408
_d
797408